000
00308nam a22001337a 4500
008
260323b ||||| |||| 00| 0 eng d
020
_a
003-800070999246
041
_a
shqip
080
_a
821.13
100
_a
25
101
_a
Përrallëza
245
_a
Shigjeta e Kaltër
_c
Gianni Rodari
942
_2
udc
_c
BK
999
_c
60915
_d
60915